First Parliament: a souvenir, 1952-1957 (Record no. 396724)

000 -LEADER
fixed length control field 00341cam a22001097a 4500
008 - FIXED-LENGTH DATA ELEMENTS--GENERAL INFORMATION
fixed length control field 180718b1957 xxu||||| |||| 00| 0 eng d
082 ## - DEWEY DECIMAL CLASSIFICATION NUMBER
Classification number G2x54 In2s
245 ## - TITLE STATEMENT
Title First Parliament: a souvenir, 1952-1957
Statement of responsibility, etc. by Lok Sabha Secretariat
260 ## - PUBLICATION, DISTRIBUTION, ETC.
Place of publication, distribution, etc. New Delhi
Name of publisher, distributor, etc. Lok Sabha Secretariat
Date of publication, distribution, etc. 1957
300 ## - PHYSICAL DESCRIPTION
Extent 183+p.
700 ## - ADDED ENTRY--PERSONAL NAME
Personal name India. Lok Sabha Secretariat
Holdings
Withdrawn status Lost status Damaged status Not for loan Permanent Location Current Location Date acquired Full call number Barcode Date last seen Price effective from Koha item type
        Indian Institute of Public Administration Indian Institute of Public Administration 2001-04-03 G2x54 In2s 8410 2018-07-21 2018-07-21 Book

Powered by Koha